[Event "Osijek op 10th"]
[Site "Osijek"]
[Date "2017.02.23"]
[Round "1"]
[White "Grguric, Damir"]
[Black "Nemet, Tomica"]
[Result "1-0"]
[WhiteElo "2001"]
[BlackElo "1659"]
[PlyCount "71"]
[EventDate "2017.02.23"]
[EventType "swiss"]
[EventRounds "7"]
[EventCountry "CRO"]
[SourceTitle "EXT 2019"]
[Source "ChessBase"]
[SourceDate "2018.10.10"]
[SourceVersion "1"]
[SourceVersionDate "2018.10.10"]
[SourceQuality "1"]

1. d4 Nf6 2. Nf3 e6 3. c4 c5 4. Nc3 cxd4 5. Nxd4 Nc6 6. e3 a6 7. Be2 Be7 8. 0-0 0-0 9. b3 d6 10. Bb2 Nxd4 11. Qxd4 e5 12. Qd2 Ne8 13. Nd5 Be6 14. Nxe7+ Qxe7 15. Bf3 Nf6 16. Rfd1 Rfd8 17. e4 Rd7 18. Ba3 Rad8 19. Qb4 Ne8 20. Rd2 Qg5 21. Rad1 Bg4 22. Bxg4 Qxg4 23. f3 Qe6 24. Rd5 f5 25. exf5 Qxf5 26. Qd2 Qf8 27. c5 Qf6 28. cxd6 Qe6 29. Qe3 Nxd6 30. Qd3 e4 31. fxe4 Nxe4 32. Rxd7 Rxd7 33. Qxd7 Qb6+ 34. Qd4 Qc6 35. Qd5+ Qxd5 36. Rxd5 1-0